000 00483nam a2200181 4500
020 _a47163235X
040 _cDLC
082 _a636 WIL 1969 A040 Or.
100 1 _aNeumann, A. L.
245 1 0 _aBeef cattle
250 _a6th ed
260 _aNew York,
_bWiley
_c[1969]
300 _ax, 767 p.
_billus., maps.
_c23 cm
500 _aFirst-4th ed. by R. R. Snapp; 5th ed. by R. R. Snapp and A. L. Neumann
650 0 _aBeef cattle
700 1 _aSnapp, Roscoe Raymond,
942 _cEK
999 _c11988
_d11988